Modern English : exercises for non-native speakers /

Bibliographic Details
Main Author: Frank, Marcella
Format: Book
Language:English
Published: Englewood Cliffs, N.J. : Prentice-Hall, [1972]
Subjects:

MARC

Tag First Indicator Second Indicator Subfields
LEADER 00000cam a2200000 a 4500
001 in00000224049
005 20151009070133.0
008 750715s1972 nyu 00010 eng d
020 |a 0135938066 (pt. 1) (pbk) 
020 |a 0135938147 (pt. 2) (pbk) 
035 |a (OCoLC)01449589 
035 |9 AAY5258AM 
040 |a TOL  |c TOL  |d TXA  |d UtOrBLW 
049 |a TXAM  |v 1 [389223]  |v 2 [389224] 
090 |a PE1128 A2  |b  F7 
100 1 |a Frank, Marcella. 
245 1 0 |a Modern English :  |b exercises for non-native speakers /  |c  Marcella Frank. 
264 1 |a Englewood Cliffs, N.J. :  |b Prentice-Hall,  |c [1972] 
264 4 |c ©1972 
300 |a 2 volumes ;  |c 28 cm. 
336 |a text  |b txt  |2 rdacontent 
337 |a unmediated  |b n  |2 rdamedia 
338 |a volume  |b nc  |2 rdacarrier 
505 0 |a pt. 1. Parts of speech -- pt. 2. Sentences and complex structures. 
650 0 |a English language  |x Study and teaching (Higher)  |x Foreign speakers. 
650 0 |a English language  |x Grammar. 
999 |a MARS 
999 f f |s 9455383d-bc58-3e3e-8411-8a225469a0fe  |i 208f2088-f556-399e-b2b6-414d5268906d  |t 0 
952 f f |p ric  |a Texas A&M University  |b Rellis Campus  |c Joint Library Facility  |s JLF  |d Remote Storage  |t 0  |e PE1128 A2 F7  |h Library of Congress classification  |i unmediated -- volume  |k v.1  |m A14806482142 
952 f f |p ric  |a Texas A&M University  |b Rellis Campus  |c Joint Library Facility  |s JLF  |d Remote Storage  |t 0  |e PE1128 A2 F7  |h Library of Congress classification  |i unmediated -- volume  |k v.2  |m A14806482134 
998 f f |a PE1128 A2 F7  |s v.1-2  |t 0  |l Remote Storage